Países que começam com A - Statistics

Estatísticas Gerais
  • Esse quiz foi jogado 67 vezes
  • A pontuação média é 12 de 14
Estatísticas das Respostas
Imagem Resposta % Correto
Alemanha
100%
Austrália
98%
Albânia
97%
Argentina
97%
Áustria
95%
Angola
93%
Arábia Saudita
92%
Andorra
90%
Azerbaijão
89%
Argélia
85%
Afeganistão
84%
Arménia
80%
Antígua e Barbuda
79%
África do Sul
33%
Nenhum quiz correspondente encontrado
Distribuição das Pontuações
Porcentagem de Pessoas com Cada Pontuação
Percentil de Números Respondidos
Sua Pontuação Histórica
Você não jogou esse quiz